| 000 | 01080cam a2200253 4500 | ||
|---|---|---|---|
| 008 | 040112n2003 000 0 eng u | ||
| 020 | _a0471273805 | ||
| 035 | _a(Sirsi) u124822 | ||
| 041 | _aeng | ||
| 050 |
_a690.241 _c18 |
||
| 245 | _aRecording historic structures | ||
| 250 | _a2nd ed. | ||
| 260 |
_aNew Jersey _bWiley _c2003 |
||
| 300 |
_axiii, 306p. _c22X28cm. |
||
| 350 | _a41.95 | ||
| 520 | _aThis new edition provides information on the latest technological advances being used in practice such as laser scanning, CAD and digital-rectified photogrammetry. Offers detailed reference to the methods and techniques used to document America's historic structures. Case studies include the recording of: vernacular building forms; historic bridges; structural and mechanical systems; historic ships; monuments; industrial process; and historic landscapes. | ||
| 650 | _aHISTORIC BUILDINGS | ||
| 650 | _aCAD | ||
| 650 | _aPRESERVATION | ||
| 650 | _aUNITED STATES | ||
| 690 | _aBUILT ENVIRONMENT-CONSTRUCTION DESIGN | ||
| 700 | _aBurns, John A. | ||
| 942 | _n0 | ||
| 999 |
_c103282 _d103282 |
||